banner koha

Influência de povoamento de Pinus taeda sobre o banco de sementes na região de Floresta Ombrófila Mista (Registro n. 333937)

MARC details
000 -LÍDER
fixed length control field 03528nab a2200277 i 4500
003 - CÓDIGO MARC DA AGÊNCIA CATALOGADORA
Campo de controle BR-BrBNA
005 - DATA E HORA DA ÚLTIMA ATUALIZAÇÃO
Campo de controle 20250716185210.0
008 - CAMPO DE TAMANHO FIXO
fixed length control field 250716b2019 bl.ar|pooa||| 00| 0 por |
040 ## - FONTE DA CATALOGAÇÃO
Agência catalogadora BR-BrBNA
Idioma da catalogação por
072 ## - CATEGORIA AGRIS
Código AGRIS F70
072 ## - CATEGORIA AGRIS
Código AGRIS K10
100 ## - ENTRADA PRINCIPAL - NOME PESSOAL
Nome pessoal Secco, Rubia Tatiana
100 ## - ENTRADA PRINCIPAL - NOME PESSOAL
Nome pessoal Blum, Christopher Thomas
100 ## - ENTRADA PRINCIPAL - NOME PESSOAL
Nome pessoal Velazco, Santiago José Elías
245 ## - TÍTULO PRINCIPAL
Título principal Influência de povoamento de Pinus taeda sobre o banco de sementes na região de Floresta Ombrófila Mista
500 ## - NOTA GERAL
Nota geral Publicação on-line; Bibliography p. 13-15 (54 ref.); 5 tables; 1 illus.; Summaries (En, Pt)
942 ## - ADDED ENTRY ELEMENTS (KOHA)
Koha item type Analítica
520 ## - NOTA DE RESUMO
Nota de conteúdo <br/><br/>Resumo<br/><br/>Este estudo teve o objetivo de avaliar o efeito de um povoamento de Pinus taeda sobre a composição florística<br/>e estrutura do banco de sementes de um remanescente de Floresta Ombrófila Mista (FOM). Para tanto foram<br/>coletadas 160 amostras do banco de sementes, 80 de um remanescente de FOM e 80 em um povoamento de<br/>P. taeda. As amostras foram colocadas para germinar em duas casas de vegetação distintas, sob 35% e 75% de<br/>níveis de sombreamento. Foram contabilizados ao todo 11.669 indivíduos lenhosos e herbáceos, distribuídos<br/>em 31 famílias botânicas e 84 espécies. As famílias Asteraceae e Poaceae foram as mais representativas em<br/>riqueza de espécies herbáceas. Dentre as lenhosas, Solanaceae e Asteraceae foram as mais representativas<br/>em ambas as áreas. A espécie P. taeda foi registrada apenas no banco de sementes do próprio povoamento.<br/>O banco de sementes do povoamento de pinus caracterizou-se principalmente pela baixa riqueza de espécies<br/>lenhosas, o que demonstra sua influência sobre o estoque de sementes. Por outro lado, o remanescente de FOM<br/>avaliado parece não sofrer influência da proximidade do povoamento de pinus no seu banco de sementes.<br/><br/>Palavras-chave: floresta com araucária, povoamento florestal, regeneração natural.<br/><br/><br/><br/><br/>Abstract<br/><br/>This study aimed to evaluate the effect of a Pinus taeda plantation on the floristic and species composition<br/>of the seed bank in remnant of the Araucaria Rainforest (FOM). For this purpose, a total of 160 samples<br/>were collected from the seed bank, 80 of a FOM remnant and 80 from a P. taeda plantation. The samples<br/>were placed to germinate in two different greenhouses, under 35% and 75% shading level. A total of 11,669<br/>woody and herbaceous individuals were counted, distributed in 31 botanical families and 84 species. The<br/>families Asteraceae and Poaceae were the most representative in richness of herbaceous species. With regard<br/>to woody species, Solanaceae and Asteraceae were the most representative in both areas. The species P. taeda<br/>was recorded only in the seed bank of the plantation. The seed bank of the pinus plantation was characterized<br/>mainly by the low richness of woody species, which shows its influence on the seed stock. On the other hand,<br/>the FOM remnant seems not to be influenced by the proximity of the pinus plantation to it is seed bank.<br/><br/>Key words: araucaria rainforest, planted forest, natural regeneration.
650 ## - ASSUNTO - THESAGRO
Cabeçalho tópico ou nome geográfico FLORESTA
650 ## - ASSUNTO - THESAGRO
Cabeçalho tópico ou nome geográfico ARAUCÁRIA
650 ## - ASSUNTO - THESAGRO
Cabeçalho tópico ou nome geográfico POVOAMENTO FLORESTAL
650 ## - ASSUNTO - THESAGRO
Cabeçalho tópico ou nome geográfico REGENERAÇÃO NATURAL
773 0# - ENTRADA ANALÍTICA
Host Biblionumber 709
Registro do item 351354
Imprenta Rio de Janeiro-RJ Jardim Botanico do Rio de Janeiro 1935
Outro identificador 2025-3977
Título Rodriguésia (Brazil)
ISSN 0370-6583; 2175-7860 on-line
Colação v. 70 p. 1-15; (2019)
Número de controle de registro BR2025003249
856 ## - ACESSO E ENDEREÇO ELETRÔNICO
Identificador uniforme de recurso - URI https://www.scielo.br/j/rod/a/NNn4nzpPNZgypdkBHxmnsdm/?format=pdf&lang=pt

Nenhum exemplar disponível.

BINAGRI

Telefone: (61)3218-2567/2388/3357/2097 - binagri@agro.gov.br

Ministério da Agricultura e Pecuária , Esplanada dos Ministérios, Bloco D, Anexo B, Brasília/DF, CEP: 70.043-900